000 00408 a2200157 4500
020 _a9780470527672
082 _a005.8076
090 _c7203
_d7203
100 _aBoyles, Tim
245 _aCCNA security study guide
_cTim Boyles
260 _aCanada
_bJohn Wiley
_c2010
300 _a516 p.
650 _aComputer networks--Security measures--Examinations
700 _aTim Boyles
942 _cBK
_k005.8076 BOY
999 _c11006
_d11006